| 000 | 00377nam a2200169Ia 4500 | ||
|---|---|---|---|
| 001 | 12012 | ||
| 008 | 140401s9999 xx 000 0 und d | ||
| 020 | _a1-55623-133-9 | ||
| 040 | _cPK-LaUMT | ||
| 082 |
_a 322.0412 _bSTI-M |
||
| 100 | _aStigum, Marcia | ||
| 245 | 4 |
_aThe money market _cStigum, Marcia |
|
| 260 | _c1990 | ||
| 300 | _a1252 p. | ||
| 546 | _aEN | ||
| 942 | _cBK | ||
| 999 |
_c12845 _d12845 |
||